00626pam a2200181 a 4500020001500000082003100015100002900046245005500075260004700130300003500177526003700212650001300249650003200262650002000294942001200314999001900326952009900345 a044226401100a624.18341bHSUcL-19, P-911 aHsu, Thomas T. C.94092710aTorsion of reinforced concrete /cThomas T.C. Hsu. aNew York :bVan Nostrand Reinhold,cc1984. axxii, 516 p. :bill. ;c24 cm. a0b0c0d624_183410000000000_HSU 0aMCE9379 0aReinforced concrete.940928 0aTorsion.940929 2ddccBK c547018d547018 00102ddc4070aMCEbMCEd2014-06-27l0o624.18341 HSUpMCE-27590r2014-06-27w2014-06-27yBK